[Event "BEL-ch U16"]
[Site "Blankenberge"]
[Date "2014.04.17"]
[Round "7"]
[White "Staessens, Maxim"]
[Black "Hoffmeister, Kalojan"]
[Result "1/2-1/2"]
[WhiteElo "1013"]
[BlackElo "1327"]
[PlyCount "22"]
[EventDate "2014.04.??"]
[EventType "swiss"]
[EventRounds "9"]
[EventCountry "BEL"]
[SourceTitle "EXT 2015"]
[Source "ChessBase"]
[SourceDate "2014.11.20"]
[SourceVersion "1"]
[SourceVersionDate "2014.11.20"]
[SourceQuality "1"]

1. c4 e6 2. g3 d5 3. cxd5 exd5 4. Bg2 Nf6 5. e3 c6 6. d4 Bf5 7. Nc3 Bd6 8. Nge2 0-0 9. 0-0 Re8 10. Re1 Nbd7 11. Bd2 Nb6 1/2-1/2